First voyage around the world ; De moluccis insulis
Contents: Introduction; Bibliographic note; First voyage around the world; de moluccis insulis; ...
Đã lưu trong:
| Príomhúdar: | |
|---|---|
| Formáid: | Leabhar |
| Teanga: | Undetermined |
| Foilsithe: |
Manila
Filipiniana Book Guild
1969
|
| Ábhair: | |
| Clibeanna: |
Cuir Clib Leis
Gan Chlibeanna, Bí ar an gcéad duine leis an taifead seo a chlibeáil!
|
| Thư viện lưu trữ: | Trung tâm Học liệu Trường Đại học Cần Thơ |
|---|
| LEADER | 00707nam a2200193Ia 4500 | ||
|---|---|---|---|
| 001 | CTU_218447 | ||
| 008 | 210402s9999 xx 000 0 und d | ||
| 082 | |a 959.9 | ||
| 082 | |b P628/Vol.14 | ||
| 100 | |a Pigafetta, Antonio | ||
| 245 | 0 | |a First voyage around the world ; De moluccis insulis | |
| 245 | 0 | |c Antonio Pigafetta; Maximilianus Transylvanus | |
| 260 | |a Manila | ||
| 260 | |b Filipiniana Book Guild | ||
| 260 | |c 1969 | ||
| 520 | |a Contents: Introduction; Bibliographic note; First voyage around the world; de moluccis insulis; ... | ||
| 650 | |a Voyages around the world,Hành trình vòng quanh thế giới | ||
| 904 | |i Trúc | ||
| 980 | |a Trung tâm Học liệu Trường Đại học Cần Thơ | ||